000 00581nmm a2200169Ia 4500
008 251105s9999||||xx |||||||||||||||||und||
020 _a9789560000637
041 _aspa
100 _aLagos, Claudia (ed.)
245 0 _aEl diario de Agustín :
_b Cinco estudios de casos sobre El Mercurio y los derechos humanos (1973-1990)
264 _a[Santiago de Chile, Chile] :
_bLOM Ediciones,
_c2009
300 _a380 páginas
490 _aNuevo Periodismo
650 _aHistory of the Americas: Latin America
856 _uhttps://public.digitaliapublishing.com/a/13113
942 _cCF
999 _c93386
_d93386